Pictured Anagram Pairs V Quiz Stats

 Plays Quiz Updated Jun 5, 2016

Challenge
Share
Tweet
Score 0/18 Timer 05:00
0 Plays Today
% Correct
KISS-Skis
96.5%
Eat-Tea
95%
Spill-Pills
94.5%
Snoop-Spoon
92.3%
Nap-Pan
92.1%
Chain-China
92.1%
West-Stew
90.6%
Pepsi-Pipes
90%
Blow-Bowl
88.3%
% Correct
Sonic-Coins
86.8%
Iced-Dice
86.6%
Meat-Team
85.5%
Silo-Lois
85.3%
Map-Amp
85%
Hams-M*A*S*H
83.5%
Wed-Dew
80.7%
Gnu-Gun
78.6%
Leader-Dealer
62.2%

You're not logged in!

Compare scores with friends on all Sporcle quizzes.
OR
Log In

You Might Also Like...

Show Comments

Extras

Top Quizzes Today


Score Distribution

Your Account Isn't Verified!

In order to create a playlist on Sporcle, you need to verify the email address you used during registration. Go to your Sporcle Settings to finish the process.

Report this User

Report this user for behavior that violates our Community Guidelines.

Details: